Samuel Beckett's Theatre : (Record no. 587899)

MARC details
000 -LEADER
fixed length control field 00499nam a2200193 a 4500
008 - FIXED-LENGTH DATA ELEMENTS--GENERAL INFORMATION
fixed length control field 250919s1999##################000#0#eng##
020 ## - INTERNATIONAL STANDARD BOOK NUMBER
ISBN 9780198117452
082 04 - DEWEY DECIMAL CLASSIFICATION NUMBER
Classification number 792.95
Item number WOR
100 1# - MAIN ENTRY--AUTHOR NAME
Personal name Worth, Katharine,
245 10 - TITLE STATEMENT
Title Samuel Beckett's Theatre :
260 ## - PUBLICATION, DISTRIBUTION, ETC. (IMPRINT)
Name of publisher Oxford University Press on Demand,
Year of publication 1999.
300 ## - PHYSICAL DESCRIPTION
Number of Pages 192 pages
650 #0 - SUBJECT ADDED ENTRY--TOPICAL TERM
Topical Term Literary Criticism.
942 ## - ADDED ENTRY ELEMENTS (KOHA)
Koha item type English Books
Holdings
Withdrawn status Lost status Damaged status Not for loan Home library Current library Shelving location Date acquired Full call number Accession Number Price effective from Koha item type
        Anna Centenary Library Anna Centenary Library 6TH FLOOR, B WING 19.09.2025 792.95 WOR 189669 19.09.2025 English Books

Find us on the map